Ročné zúčtovanie poistného na zdravotné poistenie za rok 2011
Základné informácie pre zamestnávateľov, zamestnancom a ostatným poistencom o termínoch, vymeriavacích základoch a povinnostiach súvisiacich s ročným zúčtovaním zdravotného poistenia. Ilustračné príklady.
Salvato in:
| Autore principale: | |
|---|---|
| Natura: | Capitolo di libro |
| Lingua: | slovacco |
| Soggetti: | |
| Tags: |
Nessun Tag, puoi essere il primo ad aggiungerne!!
|
MARC
| LEADER | 00000naa a2200000 4500 | ||
|---|---|---|---|
| 001 | 0151550 | ||
| 005 | 20231208084939.6 | ||
| 041 | 0 | |a slo | |
| 044 | |a SK | ||
| 245 | 1 | 0 | |a Ročné zúčtovanie poistného na zdravotné poistenie za rok 2011 |c Jolana Strýčková |
| 520 | |a Základné informácie pre zamestnávateľov, zamestnancom a ostatným poistencom o termínoch, vymeriavacích základoch a povinnostiach súvisiacich s ročným zúčtovaním zdravotného poistenia. Ilustračné príklady. | ||
| 610 | 2 | 0 | |a legislatíva |
| 610 | 2 | 0 | |a poistenie zdravotné |
| 610 | 2 | 0 | |a Slovensko |
| 610 | 2 | 0 | |a zamestnávatelia |
| 610 | 2 | 0 | |a zamestnanci |
| 610 | 2 | 0 | |a zúčtovanie |
| 100 | 1 | |a Strýčková, Jolana | |